Die Filixgruppe. Ein Beitrag zur Geschichte der Taenifuga

Bibliographic Details
Main Authors: Fundárek, Radoslav (Author), Fetz, D. (Author)
Format: Article
Language:Slovak
ISSN:0014-8172
Subjects:

MARC

LEADER 00000nab a2200000 a 4500
001 vtls000591548
003 SK-MaSNL
005 20260304095907.0
008 250425c1996 xo 0 slo
015 |a SNBRB19rr/mm-uuuuu 
035 |a CL0591687 
035 |a urn:nbn:sk:snk-ab1pqv 
035 |a (urnnbn)urn:nbn:sk:snk:ar-004we3 
035 |a (uuid)28a464aa-ed8a-41f9-9cde-fd25f77d4018 
040 |a SNKBUCL  |b slo  |c SNKBUCL  |e AACR2 
041 0 |a slo 
044 |a xo  |c SK 
080 |a 615.32:582.35  |2 1981 
080 |a 582.35  |2 1981 
100 1 |a Fundárek, Radoslav  |4 aut  |9 336444 
245 1 4 |a Die Filixgruppe. Ein Beitrag zur Geschichte der Taenifuga  |c Radoslav Fundárek 
650 0 7 |a pásomnice  |2 snkbucl  |9 16305 
650 0 7 |a papraďovité  |2 snkbucl  |9 1393569 
655 7 |a články z novín a časopisov  |2 snkbucl  |9 267496 
700 1 |a Fetz, D.  |4 aut  |9 1393570 
773 0 |t Farmaceutický obzor  |g Roč. 65, č. 6 (1996), s. 167  |x 0014-8172 
787 0 8 |i Rec.:  |a Fetz, D.  |t Die Filixgruppe. Ein Beitrag zur Geschichte der Taenifuga : Juris Druck und Verlag, 1995 
850 |a Slovenská národná knižnica 
852 |a Slovenská národná knižnica 
954 |a odborná, vedecká literatúra pôvodná (slovenská)  |2 lita 
958 |a article27 
958 |a OND 
958 |a RK 
958 |a MI 
958 |a EUIPO 
992 |a RBX 
999 |c 2834883  |d 2836813